| 000 | 01179nam a2200277 i 4500 | ||
|---|---|---|---|
| 001 | 18322 | ||
| 003 | DO-SdUEMH | ||
| 005 | 20260112184423.0 | ||
| 007 | ta | ||
| 008 | 260112s2014 sp a|||gr|||| 00| 0dspa d | ||
| 020 | _a9788415505235 | ||
| 040 |
_aDO-SdUEMH _bspa _erda |
||
| 041 | _aspa | ||
| 082 | 1 | 4 |
_mCG _bV195 |
| 100 | 1 | _eaut | |
| 245 |
_aEstrategias y Tácticas de Marketing: _binterpretado al consumidor en su kilómetro cero / _cJosep Francesc Valls |
||
| 264 | 1 |
_aBarcelona, España : _bPROFIT, _c2014 |
|
| 264 | 4 | _c©2014 | |
| 300 |
_a247 páginas : _bilustraciones ; _c23 cm. |
||
| 336 |
_2rdacontent _atexto _btxt |
||
| 337 |
_2rdamedia _asin mediación _bn |
||
| 338 |
_2rdacarrier _avolumen _bnc |
||
| 504 | _aContiene Información Bibliográfica a Final de la Obra. | ||
| 505 | 2 | _aCapítulo I: La estrategia y la táctica en la historia. Aportaciones al campo del management -- Capítulo II: El marketing dentro del management empresarial -- Capítulo III: Definir el mercado -- Capítulo IV: Plantear la propuesta estratégica y de valor -- Capítulo V: Plantear la propuesta operativa -- Capítulo VI: Planificación y periodificación | |
| 942 |
_2ddc _cBK _n0 |
||
| 999 |
_c18322 _d18322 |
||